Normal view MARC view

Entry Personal Name

Number of records used in: 1

001 - CONTROL NUMBER

  • control field: 50257

003 - CONTROL NUMBER IDENTIFIER

  • control field: OSt

005 - DATE AND TIME OF LATEST TRANSACTION

  • control field: 20250121103920.0

008 - FIXED-LENGTH DATA ELEMENTS

  • fixed length control field: 250121|| aca||aabn | a|a d

040 ## - CATALOGING SOURCE

  • Original cataloging agency: OSt
  • Transcribing agency: OSt

100 ## - HEADING--PERSONAL NAME

  • Personal name: Rashid, Afsana

670 ## - SOURCE DATA FOUND

  • Source citation: Work cat.: (OSt)525486: Rashid, Afsana , Restructuring panchayati raj institutions in Kashmir: Challenges and opportunities

Powered by Koha